[Event "11. OSEM 2017"]
[Site "Büsum"]
[Date "2017.09.11"]
[Round "4.28"]
[White "Lehmann, Erwin"]
[Black "Schumacher, Helmut"]
[Result "1/2-1/2"]
[BlackElo "1890"]
[BlackTeam "DJK Aufwärts Aachen"]
[WhiteElo "2015"]
[WhiteTeam "Ahrensburger TSV"]

1. c4 c6 2. g3 d5 3. Nf3 Bf5 4. Qb3 Qb6 5. Nc3 e6 6. cxd5 exd5 7. Qxb6 axb6 8.
Bg2 Nf6 9. d3 h6 10. O-O  Be7 11. Bf4 Nbd7 12. Rfe1 O-O  13. e4 dxe4
14. dxe4 Be6 15. Nd4 Bc5 16. Nxe6 fxe6 17. Rad1 e5 18. Be3 Rad8 19. Bh3 Bxe3
20. Rxe3 Nc5 21. f3 Rd4 22. Kf1 Nfxe4 23. Ke2 Nxc3+ 24. Rxc3 Rfd8 25. Rxd4 exd4
26. Rc4 Kf7 27. Bf5 Kf6 28. Bb1 Ke5 29. a4 g5 30. Kd2 Nb3+ 31. Kd3 c5 32. Ba2
Na5 33. Rc1 Rf8 34. Re1+ Kd6 35. Re6+ Kc7 36. Ke4 Nc6 37. Rxh6 Re8+ 38. Re6
Rxe6+ 39. Bxe6 Kd6 40. Bc4 Ne5 41. b3 Nxc4 42. bxc4 Ke6 43. h4 gxh4 44. gxh4
Kf6 45. f4 Kg6 46. Kd3 Kf5 47. h5 Kf6 48. Ke4 Kf7 49. f5 Kg7 50. Kf4 Kf7 51. h6
Kf6 52. Ke4 Kf7  1/2-1/2

[Event "11. OSEM 2017"]
[Site "Büsum"]
[Date "2017.09.11"]
[Round "4.29"]
[White "Meyer, Irmin, Dr."]
[Black "Johnen, Franz"]
[Result "1-0"]
[BlackElo "1713"]
[BlackTeam "SVG Alsdorf"]
[WhiteElo "2000"]
[WhiteTeam "SV Werder Bremen"]

1. e4 c5 2. c3 e6 3. d4 cxd4 4. cxd4 d5 5. e5 Nc6 6. Nf3 Nge7 7. Nc3 a6 8. Bd3
b5 9. O-O  Bb7 10. Bd2 Rc8 11. Rc1 Qb6 12. Be3 Ng6 13. h4 Be7 14. g3 Bb4
15. Ne2 Na7 16. Rxc8+ Bxc8 17. h5 Nf8 18. Qc2 Qc6 19. Qb3 Ba5 20. Rc1 Qd7 21.
Qc2 h6 22. Nd2 Qd8 23. Nb3 Nd7 24. Nxa5 Qxa5 25. Qc7 Qxa2 26. Qxa7 O-O  27.
Rc2 Qb3 28. Nc1 Qb4 29. Qc7 f5 30. Qc3 Qe7 31. Ne2 Qe8 32. Nf4 Nb6 33. Ng6 Rf7
34. Qc6 Qd8 35. Nf4 Re7 36. b3 Kf7 37. Bd2 Bb7 38. Qc5 Na8 39. Qa3 Rd7 40. Ba5
Qe7 41. Qxe7+ Rxe7 42. f3 Rd7 43. Kg2 Re7 44. g4 fxg4 45. Bg6+ Kg8 46. fxg4 
1-0

[Event "11. OSEM 2017"]
[Site "Büsum"]
[Date "2017.09.11"]
[Round "4.30"]
[White "Meinke, Dietlind"]
[Black "Görtz, Hans"]
[Result "1/2-1/2"]
[BlackElo "1998"]
[BlackTeam "DJK Wacker Bergeborbeck"]
[WhiteElo "1906"]
[WhiteTeam "MTV Leck"]

1. e4 e5 2. Nf3 Nc6 3. Bb5 a6 4. Ba4 b5 5. Bb3 Be7 6. O-O  Nf6 7. Re1 d6 8.
c3 O-O  9. h3 Na5 10. Bc2 c5 11. d4 cxd4 12. cxd4 Nd7 13. b3 Nc6 14. Bb2
Bf6 15. d5 Ne7 16. Nbd2 Ng6 17. Nf1 Nb6 18. Bc1 Bd7 19. Be3 a5 20. Qd2 Be7 21.
Ng3 Nh4 22. Qe2 Nxf3+ 23. Qxf3 b4 24. Nf5 Bxf5 25. Qxf5 Nd7 26. Bd3 g6 27. Qg4
Nf6 28. Qe2 Nd7 29. Rac1 Bg5 30. Bxg5  1/2-1/2

[Event "11. OSEM 2017"]
[Site "Büsum"]
[Date "2017.09.11"]
[Round "4.31"]
[White "Aigner, Georg"]
[Black "Quiring, Nikolai"]
[Result "0-1"]
[BlackElo "1990"]
[BlackTeam "SV Rendsburg"]
[WhiteElo "1898"]
[WhiteTeam "SC Taufkirchen"]

1. e4 e6 2. d4 d5 3. exd5 exd5 4. Nf3 Bd6 5. Nc3 Ne7 6. Bg5 f6 7. Be3 c6 8. Qd2
O-O  9. Bd3 Bf5 10. Nh4 Qc8 11. O-O  Bxd3 12. Qxd3 Qg4 13. g3 g5 14.
Ng2 h5 15. Qe2 Qh3 16. f4 Nd7 17. fxg5 Ng6 18. Nf4 Nxf4 19. Bxf4 Bxf4 20. gxf4
Rae8 21. Qg2 Qe3+ 22. Kh1 Kf7 23. Qf3 Qxf3+ 24. Rxf3 Kg6 25. h4 fxg5 26. hxg5
b5 27. a3 Nb6 28. b3 Nc8 29. Kg2 Nd6 30. Raf1 Nf5 31. Kh3 Nxd4 32. Rg3 Nxc2 33.
Nd1 d4 34. b4 Ne3 35. Nxe3 dxe3 36. Rgf3 e2 37. Re1 Re4 38. Kg3 Kf5 39. Rc3 h4+
40. Kf2 Rxf4+ 41. Kxe2 Re8+ 42. Re3 Rxe3+  0-1

[Event "11. OSEM 2017"]
[Site "Büsum"]
[Date "2017.09.11"]
[Round "4.32"]
[White "Brandt, Fred"]
[Black "Bullert, Wolfgang"]
[Result "1/2-1/2"]
[BlackElo "1989"]
[BlackTeam "Potsdamer SV"]
[WhiteElo "1805"]
[WhiteTeam "Königsjäger Süd-West"]

1. d4 d5 2. Nf3 e6 3. e3 Bd6 4. Bd3 c5 5. c3 Nc6 6. Nbd2 c4 7. Bc2 f5 8. O-O
 b5 9. a3 Nf6 10. h3 O-O  11. Re1 a5 12. Nf1  1/2-1/2

[Event "11. OSEM 2017"]
[Site "Büsum"]
[Date "2017.09.11"]
[Round "4.33"]
[White "Eberhardt, Michael"]
[Black "Rychlik, Kurt"]
[Result "1/2-1/2"]
[BlackElo "1988"]
[BlackTeam "SV Berenbostel"]
[WhiteElo "1763"]
[WhiteTeam "SC Agon Neumünster"]

1. Nf3 g6 2. c4 c5 3. g3 Nc6 4. Bg2 Bg7 5. O-O  d6 6. Nc3 e5 7. d3 Nge7 8.
Bg5 f6 9. Bd2 O-O  10. Qc1 Rf7 11. Ne1 Be6 12. f4 Qd7 13. e4 Rc8 14. Be3
Nd4 15. Qd2 a6 16. Bxd4 cxd4 17. Ne2 f5 18. Rc1 fxe4 19. Bxe4 Nf5 20. Ng2 Ne7
21. Qb4 Nc6 22. Qa3 d5 23. cxd5 Bxd5 24. Bxd5 Qxd5 25. fxe5 Rxf1+ 26. Rxf1 Nxe5
27. Nef4 Qd7 28. Qb3+ Kh8 29. Qe6 Qxe6 30. Nxe6 Nxd3 31. Nxg7 Kxg7 32. Nf4 Nxf4
33. gxf4 Kf6 34. Rd1 Rd8 35. Kf2 Kf5 36. Kf3 h6 37. Rd3 g5 38. fxg5 hxg5 39. h3
Ke5 40. Ke2 Ke4 41. Rg3 d3+ 42. Kd2 Rd5 43. h4 gxh4 44. Rg4+ Ke5 45. Rxh4 Kd6
46. Rh3 Kc5 47. Rxd3 Rxd3+ 48. Kxd3 Kb4 49. Kc2 a5 50. a3+ Kc4 51. b3+ Kd4 52.
Kd2  1/2-1/2

[Event "11. OSEM 2017"]
[Site "Büsum"]
[Date "2017.09.11"]
[Round "4.34"]
[White "Flockerzi, Armin"]
[Black "Schulz, Wolfgang"]
[Result "0-1"]
[BlackElo "2101"]
[BlackTeam "Hamburger SK"]
[WhiteElo "1758"]
[WhiteTeam "VfR-SC Koblenz"]

1. Nf3 Nf6 2. d4 g6 3. c4 Bg7 4. b3 d6 5. Bb2 O-O  6. e3 Nbd7 7. Nbd2 Re8 8.
e4 e5 9. d5 Nc5 10. Qc2 a5 11. Be2 Nh5 12. g3 f5 13. Nh4 fxe4 14. Nxe4 Nxe4 15.
Bxh5 Nxf2 16. Bxg6 hxg6 17. Qxf2 Rf8 18. Qe3 Qf6 19. O-O-O Kh7 20. Kb1 Bh6 21.
Qe2 Bh3 22. Ng2 Qf2 23. Qxf2 Rxf2 24. Ne1 Raf8 25. Bc1 Bf5+ 26. Ka1 Be4 27.
Bxh6 Kxh6 28. Nd3 Bxd3 29. Rxd3 Re2 30. g4 Rff2 31. Rh3+ Kg7 32. a4 e4 33. Rg1
Rf3 34. Rhg3 Rxh2 35. g5 b6 36. Rxf3 exf3 37. Rf1 f2 38. Kb2 Rg2 39. Kc2 Rxg5
40. Rxf2 Re5 41. Rf3 g5 42. Kc3 g4 43. Rg3 Rg5 44. b4 Kf6 45. bxa5 bxa5 46. Kd4
Kf5 47. c5 Kf4 48. Rg1 g3 49. cxd6 cxd6 50. Rf1+ Kg4 51. Ke4 Re5+ 52. Kd4 g2 
0-1

[Event "11. OSEM 2017"]
[Site "Büsum"]
[Date "2017.09.11"]
[Round "4.35"]
[White "Kienel, Norbert"]
[Black "Reinhold, Klaus, Dr."]
[Result "0-1"]
[BlackElo "2008"]
[BlackTeam "SC Gronau"]
[WhiteElo "1837"]
[WhiteTeam "SV Osnabrück"]

1. d4 d5 2. c4 c6 3. e3 Nf6 4. Nc3 Bg4 5. Nf3 dxc4 6. Bxc4 e6 7. O-O  Be7 8.
e4 O-O  9. Be3 Nbd7 10. Rc1 Rc8 11. Bd3 e5 12. Qe2 exd4 13. Bxd4 Nc5 14.
Bxc5 Bxc5 15. e5 Nd5 16. Rfd1 Qe7 17. Ne4 Nf4 18. Qc2 Bxf3 19. gxf3 Bb6 20. Ng3
Qh4 21. Bf5 Rcd8 22. Qe4 Bxf2+ 23. Kh1 Bxg3 24. Qc2 Rxd1+ 25. Rxd1 Nd5 26. Rg1
Bxe5 27. h3 Ne3 28. Qe4 Nxf5 29. Qxf5 Qf4 30. Qxf4 Bxf4 31. Rd1 Rc8 32. Rd7 Bc7
33. Kg2 Kf8 34. Kf1 Ke8 35. Rd3 Rd8 36. Ra3 Bb6 37. Rc3 Rd2 38. Rb3 Rh2 39. f4
Rf2+ 40. Ke1 Rxf4  0-1

[Event "11. OSEM 2017"]
[Site "Büsum"]
[Date "2017.09.11"]
[Round "4.36"]
[White "Bondick, Karl-Heinz"]
[Black "Kolkwitz, Klaus"]
[Result "1-0"]
[BlackElo "1836"]
[BlackTeam "ESV Eberswalde"]
[WhiteElo "1991"]
[WhiteTeam "USC Magdeburg"]

1. d4 d6 2. f4 g6 3. e4 Bg7 4. c4 Nd7 5. Nf3 c6 6. Nc3 e6 7. Be3 Ne7 8. Be2 O-O
 9. g4 f5 10. gxf5 exf5 11. e5 Nb6 12. Qd2 Be6 13. exd6 Nec8 14. c5 Nc4 15.
Bxc4 Bxc4 16. Ne5 Bxe5 17. dxe5 b6 18. h4 bxc5 19. h5 Nb6 20. hxg6 hxg6 21. Qh2
 1-0

[Event "11. OSEM 2017"]
[Site "Büsum"]
[Date "2017.09.11"]
[Round "4.37"]
[White "Auterhoff, Jürgen, Dr."]
[Black "Wolke, Reimund"]
[Result "0-1"]
[BlackElo "1979"]
[BlackTeam "Hamburger SK"]
[WhiteElo "1815"]
[WhiteTeam "SC Pasing"]

1. e4 c5 2. Nf3 e6 3. d4 cxd4 4. Nxd4 Nf6 5. Nc3 d6 6. Bb5+ Bd7 7. Bxd7+ Qxd7 8.
O-O  a6 9. Be3 Be7 10. f4 Nc6 11. Qf3 O-O  12. Rad1 Qc7 13. a3 Na5 14.
Bc1 Rac8 15. Kh1 Nc4 16. Nde2 b5 17. b3 Nb6 18. Bb2 d5 19. exd5 Nbxd5 20. Nxd5
Nxd5 21. Rd2 Bf6 22. Bxf6 Nxf6 23. Rfd1 h6 24. Rc1 Rfd8 25. Rcd1 Rxd2 26. Rxd2
Nd5 27. f5 Qe5 28. fxe6 fxe6 29. h3 Ne3 30. c3 Rf8 31. Qg3 Qe4 32. Rd7 g6 33.
h4 Ng4 34. Qc7 Rf1+ 35. Ng1 Rxg1+ 36. Kxg1 Qe1#  0-1

[Event "11. OSEM 2017"]
[Site "Büsum"]
[Date "2017.09.11"]
[Round "4.38"]
[White "Berenstein, Alexander"]
[Black "Duijker, Bert"]
[Result "1-0"]
[BlackElo "1868"]
[BlackTeam "ASV Arnhem"]
[WhiteElo "1968"]
[WhiteTeam "SV Rendsburg"]

1. e4 g6 2. d4 Bg7 3. Bc4 d6 4. c3 Nf6 5. f3 O-O  6. Ne2 a5 7. a4 d5 8. exd5
Nxd5 9. O-O  c6 10. Re1 Nd7 11. Bxd5 cxd5 12. Nf4 Nb6 13. Nd3 h6 14. f4 Bf5
15. Nc5 Qc7 16. Na3 Rfe8 17. Be3 Nc4 18. Qe2 b6 19. Nb5 Qc6 20. Nb3 Be4 21. Bf2
f5 22. Nd2 Nd6 23. Rac1 Rac8 24. b3 Bf6 25. c4 Nxb5 26. axb5 Qb7 27. Nxe4 fxe4
28. Rc2 e6 29. c5 bxc5 30. dxc5 Rb8 31. b6 Qc6 32. Ra2 Ra8 33. Ra4 Bc3 34. Rc1
Bb4 35. Bd4 Rf8 36. g3 Rf7 37. Ra2 Kh7 38. Kg2 Raf8 39. h4 h5 40. Kh2 Rg8 41.
Be5 Rd8 42. Bd4 Rdf8 43. Rac2 Ba3 44. Ra1 Bb4 45. Rd1 Rd8 46. Be5 Rc8 47. g4
hxg4 48. Qxg4 Bxc5 49. h5 Rg8 50. Rg2 Rfg7 51. Bxg7 Rxg7 52. hxg6+ Kh8 53. Qh5+
Kg8 54. Qe5 Qxb6 55. Rc1 e3 56. Rxc5 Qxc5 57. Qxe6+ Kf8 58. f5 d4 59. Qf6+ Kg8
60. Qd8+ Qf8 61. Qd5+ Kh8  1-0

[Event "11. OSEM 2017"]
[Site "Büsum"]
[Date "2017.09.11"]
[Round "4.39"]
[White "Armbrüster, Jürgen"]
[Black "Bade, Heidrun"]
[Result "1/2-1/2"]
[BlackElo "1815"]
[BlackTeam "USV Potsdam"]
[WhiteElo "1961"]
[WhiteTeam "SF Katernberg"]

1. e4 e5 2. Nf3 Nc6 3. Bb5 a6 4. Ba4 Nf6 5. O-O  b5 6. Bb3 Be7 7. Re1 d6 8.
c3 Bg4 9. h3 Bh5 10. d3 Na5 11. Bc2 c5 12. Nbd2 Nc6 13. Nf1 h6 14. Ng3 Bg6 15.
Be3 Qc7 16. Qd2 Nd7 17. d4 Bf6 18. d5 Ne7 19. b3 Nb6 20. Nh2 Bh4 21. Ngf1 f5
22. g3 Bf6 23. f3 Qd7 24. g4 fxe4 25. fxe4 Bg5 26. Ng3 Bxe3+ 27. Qxe3 Nbxd5 28.
exd5 Bxc2 29. Qd2 Bg6 30. Rf1 O-O-O 31. a4 Qb7 32. c4 b4 33. Nf3  1/2-1/2

[Event "11. OSEM 2017"]
[Site "Büsum"]
[Date "2017.09.11"]
[Round "4.40"]
[White "Merettig, Georg"]
[Black "Gebuhr, Günter"]
[Result "1/2-1/2"]
[BlackElo "1961"]
[BlackTeam "SSV Weimar"]
[WhiteElo "1814"]
[WhiteTeam "SV Caissa Wolfenbüttel"]

1. Nc3 c5 2. f4 d5 3. e4 e6 4. Nf3 Nc6 5. Bb5 a6 6. Bxc6+ bxc6 7. O-O  Bd6
8. e5 Bc7 9. Ne2 Ne7 10. c3 O-O  11. d4 cxd4 12. cxd4 a5 13. b3 Ba6 14. Re1
Re8 15. Ng3 Bb6 16. Kh1 c5 17. dxc5 Bxc5 18. Nh5 Bf2 19. Ng5 h6 20. Qc2 
1/2-1/2

[Event "11. OSEM 2017"]
[Site "Büsum"]
[Date "2017.09.11"]
[Round "4.41"]
[White "Neumann, Horst"]
[Black "Piastowski, Kurt"]
[Result "0-1"]
[BlackElo "1940"]
[BlackTeam "Brühler SK"]
[WhiteElo "1809"]
[WhiteTeam "SG Güls/Niederfell"]

1. d4 d5 2. Nf3 Nf6 3. Bg5 e6 4. e3 Be7 5. Bd3 c5 6. c3 Nc6 7. Nbd2 c4 8. Bc2
O-O  9. O-O  b5 10. Ne5 Bb7 11. f4 h6 12. Bh4 Nh7 13. Bg3 Nxe5 14. fxe5
f6 15. Qh5 f5 16. Bf4 Qe8 17. g4 Qxh5 18. gxh5 Bg5 19. Rf3 Bc6 20. Kf2 Be8 21.
Rh3 Rb8 22. b4 Rb6 23. Bd1 Bd8 24. Nf3 Ng5 25. Bxg5 hxg5 26. h6 g4 27. hxg7
Kxg7 28. Rg3 Kf7 29. Ng1 Bh4 30. Kg2 Bxg3 31. Kxg3 Rh8 32. a3 Kg6 33. h3 gxh3
34. Nxh3 Kg7 35. Nf4 Rh1 36. Kg2 Rh6 37. Kg3 Rb7 38. a4 a6 39. a5 Kf8 40. Bf3
Rg7+ 41. Kf2 Rh2+ 42. Bg2 Ke7 43. Rg1 Bh5 44. Rf1 Bg4 45. Rg1 Rgh7 46. Kf1 Kf7
47. Ke1 R2h4 48. Kf1 Bd1 49. Kf2 Bh5 50. Ke1 Rg4 51. Kf2 Rgg7 52. Kf1 Bd1 53.
Ke1 Bf3 54. Kf2 Bxg2 55. Rxg2 Rxg2+ 56. Nxg2 Rh1 57. Ne1 Kg6 58. Ke2 Kg5 59.
Ng2 Rh2 60. Kf3 Rh3+ 61. Kf2 Kg4 62. Nf4 Rf3+ 63. Ke2 Rxf4 64. exf4 Kxf4 65.
Kf2 Ke4 66. Ke2 f4  0-1

[Event "11. OSEM 2017"]
[Site "Büsum"]
[Date "2017.09.11"]
[Round "4.42"]
[White "Thieme, Wolfgang"]
[Black "Bordasch, Christian, Dr."]
[Result "0-1"]
[BlackElo "1805"]
[BlackTeam "SK Norderstedt"]
[WhiteElo "1939"]
[WhiteTeam "SC Bayer Uerdingen"]

1. e4 c6 2. Nc3 d5 3. Nf3 d4 4. Ne2 c5 5. Ng3 Nc6 6. Bc4 Nf6 7. h3 e6 8. d3 Bd6
9. Qe2 Qc7 10. Nf1 O-O  11. c3 Nd7 12. cxd4 cxd4 13. Bd2 Bf4 14. Rc1 Bxd2+
15. N1xd2 Nde5 16. O-O  Qd6 17. Bb3 Nxf3+ 18. Nxf3 e5 19. Nd2 Na5 20. Bd5
Be6 21. Nc4 Nxc4 22. Bxc4 Bxc4 23. Rxc4 Rac8 24. Rfc1 Rc6 25. Rxc6 bxc6 26. Qc2
Rc8 27. Qc4 Kf8 28. a4 Ke7 29. b4 f6 30. b5 c5 31. a5 Qe6 32. Qa4 Qd7 33. Rc4
Kd6 34. Qb3 Qb7 35. Ra4 Rb8 36. b6 axb6 37. a6 Qa7 38. Qd5+ Ke7 39. Qc6 Qd7 40.
a7 Qxc6 41. axb8=Q Qxa4 42. Qc7+ Kf8 43. Qxb6 Qd1+ 44. Kh2 Qxd3 45. Qxc5+ Kf7
46. Qd5+ Kg6 47. f3 Qe3 48. Qd7 d3 49. h4 d2 50. Kh3 Qf4 51. Qe8+ Kh6 52. Qd8
Qe3 53. Kg4 Qe2  0-1

[Event "11. OSEM 2017"]
[Site "Büsum"]
[Date "2017.09.11"]
[Round "4.43"]
[White "Wagner, Ingolf"]
[Black "Baerthel, Klaus"]
[Result "1/2-1/2"]
[BlackElo "1938"]
[BlackTeam "Naumburger SV"]
[WhiteElo "1799"]
[WhiteTeam "Gnoiener SV"]

1. Nf3 Nf6 2. d4 g6 3. c4 Bg7 4. Nc3 d5 5. cxd5 Nxd5 6. e4 Nxc3 7. bxc3 O-O 
8. Be3 c5 9. Be2 cxd4 10. cxd4 e6 11. O-O  b6 12. Qd2 Bb7 13. e5 Nc6 14.
Rac1 Rc8 15. Rfd1   1/2-1/2

[Event "11. OSEM 2017"]
[Site "Büsum"]
[Date "2017.09.11"]
[Round "4.44"]
[White "Meul, Willi"]
[Black "Lüders, Günter, Dr."]
[Result "1/2-1/2"]
[BlackElo "1796"]
[BlackTeam "TSV Benshausen"]
[WhiteElo "1938"]
[WhiteTeam "SV Hürth-Berrenrath"]

1. d4 d5 2. Nf3 Nf6 3. e3 e6 4. Bd3 Be7 5. Nbd2 Nbd7 6. O-O  O-O  7. c3
b6 8. e4 dxe4 9. Nxe4 Bb7 10. Qe2 Re8 11. Bg5 Nxe4 12. Bxe7 Qxe7 13. Bxe4 Bxe4
14. Qxe4 Nf6 15. Qe2 a5 16. Rfe1 Qd6 17. Rad1 Qd5 18. a4 h6 19. Qc2 Rad8 20.
Re5 Qd7 21. b3 Qd6 22. h3 Qc6 23. Rd2 Nd5 24. c4 Nf6 25. Re3 Qb7 26. Rde2 Qc6
27. Qd2 Qa8 28. b4 axb4 29. Qxb4 Qc8 30. Re5 Qb8 31. Rb5 Nd7 32. d5 exd5 33.
Rxe8+ Rxe8 34. Rxd5 Nc5 35. Nd4 Nd3 36. Qa3 Re1+ 37. Kh2 c6+ 38. Qd6 Qxd6+ 39.
Rxd6 c5 40. Nf3 Rd1 41. Ne5 Nxf2 42. Rxd1 Nxd1 43. Nd7 Nb2 44. Nxb6 Nd3 45. a5
Nb4 46. Nd7 Na6 47. Kg3 f6 48. Kf4 Kf7 49. Ke4 Ke6 50. Nb6 h5 51. Nd5 g5 52.
Ne3 h4 53. Nf5 Nc7 54. Ne3 Na6 55. Nd5 f5+ 56. Ke3 Ke5 57. Ne7 Ke6 58. Nc6 Kd6
59. Na7 Ke6 60. Nb5 Ke5  1/2-1/2

[Event "11. OSEM 2017"]
[Site "Büsum"]
[Date "2017.09.11"]
[Round "4.45"]
[White "Hülle, Gunter"]
[Black "Oettel, Lothar"]
[Result "1/2-1/2"]
[BlackElo "1937"]
[BlackTeam "TSG Oberschöneweide"]
[WhiteElo "1794"]
[WhiteTeam "SV Springer Leipzig"]

1. b4 c6 2. c4 d5 3. e3 Nf6 4. Bb2 Nbd7 5. Nf3 e6 6. c5 g6 7. Be2 Bg7 8. O-O
 O-O  9. Qc2 Re8 10. d4 Ne4 11. a4 e5 12. dxe5 Nxe5 13. Nxe5 Bxe5 14.
Bxe5 Rxe5 15. Nd2 Bf5 16. Bd3 Nxd2 17. Qxd2 Bxd3 18. Qxd3 Re4 19. b5 Qe7 20.
Rfc1 Re8 21. g3 Rd8 22. bxc6 bxc6 23. Qa6 Qc7 24. Rab1  1/2-1/2

[Event "11. OSEM 2017"]
[Site "Büsum"]
[Date "2017.09.11"]
[Round "4.46"]
[White "Schirmer, Werner"]
[Black "Prause, Dieter"]
[Result "1/2-1/2"]
[BlackElo "1793"]
[BlackTeam "vereinslos"]
[WhiteElo "1931"]
[WhiteTeam "Hamburger SK"]

1. e4 d5 2. exd5 Qxd5 3. Nc3 Qa5 4. d4 Nf6 5. Bd2 c6 6. Bc4 Bf5 7. Nf3 e6 8. Qe2
Bb4 9. O-O-O O-O  10. Nh4 Nbd7 11. Nxf5 Qxf5 12. f3 Bxc3 13. Bxc3 Nd5 14.
Bd2 Qf6 15. Qf2 b5 16. Bd3 a5 17. g4 a4 18. g5 Qe7 19. Rhg1 a3 20. b3 Nb4 21.
Kb1 Nxd3 22. cxd3 Nb6 23. Rg4 Nd5 24. Qe1 Qd6 25. Rh4 Rfe8 26. Rc1 Rac8 27. Qe4
f5 28. gxf6 Nxf6 29. Qe5 Qxe5 30. dxe5 Nd5  1/2-1/2

[Event "11. OSEM 2017"]
[Site "Büsum"]
[Date "2017.09.11"]
[Round "4.47"]
[White "Reinke, Kurt"]
[Black "Schwertel, Johann"]
[Result "0-1"]
[BlackElo "1930"]
[BlackTeam "SV Koblenz"]
[WhiteElo "1793"]
[WhiteTeam "SG Benrath"]

1. d4 d5 2. c4 c6 3. Nc3 e6 4. Nf3 Nf6 5. Bg5 Be7 6. e3 Nbd7 7. Bd3 dxc4 8. Bxc4
Nd5 9. Bxe7 Qxe7 10. Ne4 O-O  11. O-O  b6 12. Bd3 Bb7 13. Rc1 Rac8 14.
Bb1 Rfd8 15. Ng3 c5 16. Re1 N5f6 17. Qe2 g6 18. h4 e5 19. h5 Re8 20. hxg6 hxg6
21. Nh2 { Schwarz gewinnt nach weiteren Zuegen (nicht rekonstruierbar)}   0-1

[Event "11. OSEM 2017"]
[Site "Büsum"]
[Date "2017.09.11"]
[Round "4.48"]
[White "Schwetje, Siegfried"]
[Black "Steinke, Hans-Jörg"]
[Result "1/2-1/2"]
[BlackElo "1791"]
[BlackTeam "SV Datteln"]
[WhiteElo "1930"]
[WhiteTeam "SC Bad Salzdetfurth"]

1. d4 d5 2. c4 e6 3. Nf3 Nf6 4. cxd5 exd5 5. Nc3 c6 6. Bg5 Be7 7. e3 Bg4 8. Be2
Nbd7 9. h3 Bh5 10. O-O  O-O  11. Bf4 Re8 12. a3 Ne4 13. Rc1 Nxc3 14.
Rxc3 Nf6 15. b4 Ne4 16. Rb3 Bd6 17. Bxd6 Nxd6 18. Qc2 Bg6 19. Bd3 Bxd3 20. Qxd3
a6 21. Rc1 Rc8 22. Rbc3 Ne4 23. R3c2 f6 24. a4 Qd7 25. Qb3 Nd6 26. Nd2 Kf8 27.
Qd3 Qf5 28. Qf1 Qd7 29. Nb3 Ne4 30. Nc5 Nxc5 31. bxc5 Qc7 32. Qe1 f5 33. Qd2 g6
34. Rb2 Qf7 35. Rcb1 Rc7 36. Rb6 Ree7 37. R1b3 Kg7 38. Rb1 h6 39. Rf1 Qe6 40.
Rb3 Rf7 41. Rfb1  1/2-1/2

[Event "11. OSEM 2017"]
[Site "Büsum"]
[Date "2017.09.11"]
[Round "4.49"]
[White "Bieberle, Gerhart"]
[Black "Borries, Barbara"]
[Result "1-0"]
[BlackElo "1790"]
[BlackTeam "SC Taufkirchen"]
[WhiteElo "1927"]
[WhiteTeam "PTSVAachen"]

1. d4 Nf6 2. c4 g6 3. Nc3 Bg7 4. e4 d6 5. Bd3 O-O  6. Nge2 e5 7. d5 a5 8. h3
Nbd7 9. g4 Nc5 10. Bc2 Ne8 11. Ng3 Qh4 12. Be3 Bh6 13. Qd2 Bxe3 14. Qxe3 f6 15.
O-O-O Qg5 16. Rde1 b6 17. Kb1 Qxe3 18. Rxe3 Bd7 19. f3 Kg7 20. Re2 c6 21. h4
Nc7 22. h5 Rh8 23. dxc6 Bxc6 24. Nd5 Nxd5 25. exd5 Bd7 26. Ka1 b5 27. b3 bxc4
28. bxc4 Rab8 29. Rb1 Rxb1+ 30. Bxb1 Rb8 31. hxg6 hxg6 32. Rb2 Rxb2 33. Kxb2
Be8 34. Bc2 Kf7 35. Kc3 Ke7 36. Nf1 Kd7 37. Ne3 Kc7 38. Ng2 g5 39. Ne3 Bd7 40.
Bf5 Bxf5 41. Nxf5 e4 42. fxe4 Nxe4+ 43. Kd4 Nf2 44. Nh6 a4 45. Kc3 Nd1+ 46. Kd2
Nb2 47. Kc3 Nd1+ 48. Kb4 Ne3 49. Kc3 Kd7 50. Kd3 Nd1 51. a3 Ke7 52. Nf5+ Kd7
53. Kc2 Nf2 54. Ne3 Ne4 55. Kd3 Nc5+ 56. Kc3 Na6 57. Nf5 Kc7 58. Ng3 Kd7 59.
Ne4 Ke7 60. Kd4 Nc7 61. Nc3 Na6 62. Nxa4 Nc7 63. Nc3 Na6 64. Ne4 Nc7 65. Kc3
Na6 66. a4 f5 67. gxf5 g4 68. Kd2 Nb4 69. a5  1-0

[Event "11. OSEM 2017"]
[Site "Büsum"]
[Date "2017.09.11"]
[Round "4.50"]
[White "Schwab, Wolfgang"]
[Black "Plewka, Manfred"]
[Result "0-1"]
[BlackElo "1925"]
[BlackTeam "SV Rendsburg"]
[WhiteElo "1790"]
[WhiteTeam "SV Turm Sankt Augustin"]

1. e4 c5 2. Nf3 e6 3. g3 g6 4. Bg2 Bg7 5. O-O  Nc6 6. d3 Nge7 7. Nbd2 d5 8.
Re1 O-O  9. c3 dxe4 10. dxe4 b5 11. Nc4 Ba6 12. Ne3 Qc7 13. Qc2 Rad8 14.
Bf1 Bb7 15. Ng4 h5 16. Nh6+ Kh8 17. Bf4 e5 18. Be3 f6 19. Bc4 Nc8 20. Qb3 Na5
21. Qa4 Bc6 22. Bxb5 Bxb5 23. Qxb5 Nd6 24. Qe2 Kh7 25. Rad1 Bxh6 26. Bxh6 Kxh6
27. Qd2+ Kg7 28. Qe2 Nf7 29. Rc1 Rd7 30. b4 Nb7 31. a4 Rfd8 32. Kg2 a5 33. Qa2
Rd3 34. Qb1 c4 35. Rc2 Qd7 36. bxa5 Rxf3 37. Kxf3 Ng5+ 38. Kg2 Qh3+  0-1

[Event "11. OSEM 2017"]
[Site "Büsum"]
[Date "2017.09.11"]
[Round "4.51"]
[White "Zechel, Rolf-Rüdiger"]
[Black "Gehrmann, Dorit"]
[Result "1-0"]
[BlackElo "1920"]
[BlackTeam "SV Eutin"]
[WhiteElo "1694"]
[WhiteTeam "SK Kaltenkirchen"]

1. d4 d5 2. Bf4 Nf6 3. e3 Bf5 4. Nf3 e6 5. Be2 Bd6 6. Bxd6 Qxd6 7. c4 dxc4 8.
Qa4+ c6 9. Qxc4 Nbd7 10. Nbd2 O-O  11. O-O  h6 12. b4 Rfe8 13. Rfd1
Rac8 14. Qb3 Qb8 15. a3 Nb6 16. Bd3 Bxd3 17. Qxd3 Nbd5 18. e4 Nf4 19. Qc4 Rcd8
20. b5 cxb5 21. Qxb5 a6 22. Qf1 b5 23. g3 Ng6 24. Qe2 Qb7 25. Rab1 Qe7 26. Rbc1
Rc8 27. Qd3 Rc7 28. Rc3 Rxc3 29. Qxc3 Qb7 30. Qd3 Rc8 31. Re1 Rc7 32. Nb3 Qc8
33. Nc5 Nd7 34. Nxd7 Rxd7 35. Re3 Rc7 36. Nd2 Ne7 37. Nb3 Nc6 38. d5 exd5 39.
exd5 Ne7 40. d6 Rc1+ 41. Nxc1 Qxc1+ 42. Kg2 Qc6+ 43. Qe4  1-0

[Event "11. OSEM 2017"]
[Site "Büsum"]
[Date "2017.09.11"]
[Round "4.52"]
[White "Fleischer, Martin"]
[Black "Eschweiler, Gottfried"]
[Result "1-0"]
[BlackElo "1766"]
[BlackTeam "Pulheimer SC"]
[WhiteElo "1919"]
[WhiteTeam "SV Einheit Schwerin"]

1. e4 c5 2. Nf3 d6 3. c3 Nf6 4. h3 e6 5. Be2 Be7 6. O-O  O-O 7. Qc2 e5 8.
Nh2 Nc6 9. d3 Be6 10. Be3 d5 11. f4 d4 12. Bd2 exf4 13. Bxf4 Nd7 14. Nd2 Nde5
15. Nhf3 Nxf3+ 16. Nxf3 Rc8 17. Qd1 f6 18. Bg3 Bd6 19. Qe1 Qc7 20. Bf2 Be5 21.
g4 Qd7 22. Nh4 g6 23. Ng2 Rf7 24. c4 Rcf8 25. Bg3 Nb4 26. Qf2 g5 27. a3 Nc6 28.
Ne1 Qc7 29. Kg2 Bxg3 30. Qxg3 Qxg3+ 31. Kxg3 Ne5 32. b4 cxb4 33. axb4 a6 34.
Nc2 Rd8 35. Na3 Ng6 36. Rfc1 Nf4 37. Bf1 h5 38. c5 h4+ 39. Kf3 Bd7 40. Nc4 Bb5
41. Nd6 Rfd7 42. Nxb5 axb5 43. Ra5 Kf7 44. Rca1 Ne6 45. Rxb5 Rc7 46. Ra7 Rdd7
47. Ke2 Nd8 48. Kd2 Nc6 49. Ra4 Ne5 50. Be2 Ng6 51. Rb6 Ne7 52. Bd1 Nc8 53. Rb5
Ne7 54. Bb3+ Kg7 55. Be6 Rd8 56. Ra7 Rb8 57. Bd5 { Weiss gewinnt nach weitere
Zuegen (nicht rekonstruierbar)}   1-0

[Event "11. OSEM 2017"]
[Site "Büsum"]
[Date "2017.09.11"]
[Round "4.53"]
[White "Nowack, Achim"]
[Black "Kluger, Hans-Peter"]
[Result "1-0"]
[BlackElo "1917"]
[BlackTeam "SF Fallersleben"]
[WhiteElo "1705"]
[WhiteTeam "SK Kaltenkirchen"]

1. e4 g6 2. d4 Bg7 3. Nf3 d6 4. Bc4 h6 5. O-O  Bd7 6. Re1 e5 7. dxe5 dxe5 8.
Qd5 Be6 9. Qxb7 Nd7 10. Bxe6 fxe6 11. Qc6 Ne7 12. Qxe6 Rb8 13. Nc3 Rb6 14. Qc4
Rc6 15. Qe2 O-O  16. Rd1 Qe8 17. Be3 Nb6 18. Bxb6 axb6 19. Rd3 Nc8 20. Nd5
Qf7 21. b3 Rd8 22. Rad1 Rcd6 23. Ne3 Qe6 24. Rxd6 cxd6 25. Nd5 Qd7 26. h3 Kh8
27. Qa6 Qc6 28. c4 Bf8 29. Qa3 Rd7 30. Qc1 Ra7 31. Qc2 Kg7 32. a4 Ra5 33. Qd3
Ra7 34. Nh4 Rf7 35. Qg3 g5 36. Nf5+ Kh7 37. Qg4 Qd7 38. Rd3 Qe6 39. h4 Rg7 40.
h5 Ne7 41. Rf3 Rf7 42. Nxb6 Kg8 43. Nxe7+ Qxe7 44. Rxf7 Qxf7 45. Nd5 Bg7 46.
Qc8+ Bf8 47. Qf5 Qb7 48. Qg6+ Kh8 49. Nf6 Qg7 50. Qxg7+ Kxg7 51. Nd5  1-0